Vaccinio-Piceetea, Erico-Pinetea /

Další autoři: Krahulec, František, 1952-
Jazyk: Čeština
Vydáno: Průhonice : Botanický ústav ČSAV, 1991
Edice: Bibliographia Syntaxonomica Čechoslovaca ad annum 1970
Témata:
Externí odkaz: Digitalizovaný dokument
Fyzický popis: 110 s. ; 20 cm
Knihy
Uloženo v:
LEADER 01210nam a2200325 a 4500
001 000560837
003 CZ BrMZK
005 20000105143423.0
007 ta
008 940120s1991 xr f b 000 0 cze d
015 |a cnb000072043 
020 |q (Brož.) 
035 |a (OCoLC)39578287 
040 |a BOA001  |b cze 
080 |a 582.912.4  |2 MRF 
245 0 0 |a Vaccinio-Piceetea, Erico-Pinetea /  |c Red. a úvod František Krahulec 
260 |a Průhonice :  |b Botanický ústav ČSAV,  |c 1991 
300 |a 110 s. ;  |c 20 cm 
490 1 |a Bibliographia Syntaxonomica Čechoslovaca ad annum 1970 ;  |v Vol. 16 
500 |a Zkratky 
500 |a Něm. úvod 
500 |a Přehl. lit. 
500 |a Rozmn. 
700 1 |a Krahulec, František,  |d 1952-  |7 jn20000710319  |4 com 
830 0 |a Bibliographia Syntaxonomica Čechoslovaca ad annum 1970 
856 4 1 |u http://www.digitalniknihovna.cz/mzk/uuid/uuid:32ceea80-5b1c-11e3-ae59-005056827e52  |y Digitalizovaný dokument  |x NDK 
910 |a BOA001  |b 1-0984.592 
964 |a Společenstva rostlinná - Československo - bibliografie syntaxonomické - r. 1923-1970 
990 |a BK 
996 6 |b 2619614446  |c 1-0984.592  |l MZK  |r Sklad / do 1 hodiny  |n 0  |w 000560837  |u 000010  |a 1  |e BOA001  |j MZK50  |s P